| 000 | 00788ngm a2200217 a 4500 | ||
|---|---|---|---|
| 005 | 20250619063851.0 | ||
| 008 | 010731s1988 mx r 000 0 spa d | ||
| 020 | _a9701816455 | ||
| 035 | _aUPN01000110302 | ||
| 049 | _aAV | ||
| 099 | _aPVI QP 0918 | ||
| 245 | 0 | 3 | _aLa percepción de los sentidos. |
| 260 |
_aMéxico : _bSEP : _bILCE : _bDiscovery channel, _c1988. |
||
| 300 |
_a1 videocasete (VHS) (46 min.) : _bson., col. |
||
| 440 | 3 |
_aEl cerebro ; _v1 |
|
| 520 | _aSe presenta el funcionamiento de los órganos de los sentidos y su interrelación con el cerebro; las estructuras relacionadas con la visión. Además se explica el tema de la neurotransmisión | ||
| 650 | 4 |
_aCerebro _95053 |
|
| 650 | 4 |
_aVISTA _96762 |
|
| 650 | 4 |
_aSISTEMA NERVIOSO _916591 |
|
| 905 | _aAudiovisuales | ||
| 999 |
_c84211 _d84211 |
||